00366pab a2200133 454500008004000000100002300040245005300063260000900116300001300125362000800138650002100146700001700167773004800184180718b2014 xxu||||| |||| 00| 0 eng d aArcidiacono, Peter aRace and college success: Evidence from Missouri c2014 ap.20-57. aJul aHigher education aKoedel, Cory aAmerican Economic Review: Applied Economics